Normal view
MARC view
Entry Personal Name
001 - CONTROL NUMBER
- control field: 56406
003 - CONTROL NUMBER IDENTIFIER
- control field: dpl
005 - DATE AND TIME OF LATEST TRANSACTION
- control field: 20230912124734.0
008 - FIXED-LENGTH DATA ELEMENTS
- fixed length control field: 230912|| aca||aabn | a|a d
040 ## - CATALOGING SOURCE
- Original cataloging agency: dpl
- Transcribing agency: dpl
100 ## - HEADING--PERSONAL NAME
- Personal name: अग्रवाल , श्यामबिहरी
670 ## - SOURCE DATA FOUND
- Source citation: Work cat.: (dpl)198020: अग्रवाल , श्यामबिहरी , ललित कला निबंध /, 2022
